00692nam a2200181 a 450000100060000000300090000600800410001504000280005608200150008410000310009924500760013026000580020630000150026465000520027994200120033199900170034395201500036011482CO-ViMGA141112s2004 ck r 000 u spa d aCO-ViMGAbspacCO-ViMGA04a920.5 R63c1 aCacua Prada, Antonio9799110aDon Manuel del Socorro Rodriguez : bfundador del periodismo Colombiano aBogotá, cPublicaciones Universidad Central, c1985 a273 p. il.14aRODRIGUEZ MANUEL DEL SOCORRO 1758 - 7819915948 2ddccBK c22677d22677 00102ddc40708003aMEVIECARbMEVIECARd2015-12-04hVolumen. 1 | 11/jun/2009l0o920.5 R63c p11482r2015-12-04 00:00:00tEj. 1w2015-12-04yBK